Electronic transitions and the high pressure chemistry and physics of solids (Record no. 4272)

MARC details
000 -LEADER
fixed length control field 00633nam a2200205Ia 4500
003 - CONTROL NUMBER IDENTIFIER
control field IN-BaIIA
008 - FIXED-LENGTH DATA ELEMENTS--GENERAL INFORMATION
fixed length control field 211028s9999 xx 000 0 eng d
020 ## - INTERNATIONAL STANDARD BOOK NUMBER
International Standard Book Number 412-11650-2
040 ## - CATALOGING SOURCE
Transcribing agency IIA Library
080 ## - UNIVERSAL DECIMAL CLASSIFICATION NUMBER
Universal Decimal Classification number 539.2
Item number DRI
100 ## - MAIN ENTRY--PERSONAL NAME
Personal name Drickamer, H. G
9 (RLIN) 7514
245 #0 - TITLE STATEMENT
Title Electronic transitions and the high pressure chemistry and physics of solids
Statement of responsibility, etc. H. G. Drickamer and C. W. Frank
260 ## - PUBLICATION, DISTRIBUTION, ETC.
Place of publication, distribution, etc. London
Name of publisher, distributor, etc. Chapman and Hall
Date of publication, distribution, etc. 1973
300 ## - PHYSICAL DESCRIPTION
Extent x, 220p.
490 ## - SERIES STATEMENT
Series statement Studies in chemical physics
650 ## - SUBJECT ADDED ENTRY--TOPICAL TERM
Topical term or geographic name entry element Astronomy and astrophysics thesaurus
650 ## - SUBJECT ADDED ENTRY--TOPICAL TERM
Topical term or geographic name entry element Solid state physics
700 ## - ADDED ENTRY--PERSONAL NAME
Personal name Frank, C. W.
9 (RLIN) 7515
942 ## - ADDED ENTRY ELEMENTS (KOHA)
Koha item type Books
Holdings
Withdrawn status Lost status Damaged status Not for loan Home library Current library Shelving location Date acquired Cost, normal purchase price Total Checkouts Full call number Barcode Date last seen Cost, replacement price Price effective from Koha item type Purchase Price
        IIA Library-Bangalore IIA Library-Bangalore General Stacks 10/09/1973 90.00   539.2/ DRI 4769 05/11/2021 90.00 10/09/1973 Books Rs. 90.00

Powered by Koha